Dias da semana em 15 segundos - Statistics

Estatísticas Gerais
  • Esse quiz foi jogado 507 vezes
  • A pontuação média é 6 de 7
Estatísticas das Respostas
# Dias % Correto
#1 Segunda
98%
#2 Terça
96%
#3 Quarta
93%
#4 Quinta
88%
#5 Sexta
85%
#6 Sabado
83%
#7 Domingo
81%
Nenhum quiz correspondente encontrado
Distribuição das Pontuações
Porcentagem de Pessoas com Cada Pontuação
Percentil de Números Respondidos
Sua Pontuação Histórica
Você não jogou esse quiz